[Event "23. Copenhagen Open  (Politiken Cup)"]
[Site "Copenhagen"]
[Date "2001.07.26"]
[Round "11"]
[White "Hoeg, Claus"]
[Black "Bering, Anders"]
[Result "0-1"]
[WhiteElo "1785"]
[BlackElo "2106"]
[PlyCount "75"]
[EventDate "2001.07.16"]
[EventType "swiss"]
[EventRounds "11"]
[EventCountry "DEN"]
[SourceDate "2004.01.01"]

1. d4 Nf6 2. c4 e6 3. Nf3 d5 4. Nc3 dxc4 5. Bg5 Bb4 6. e4 c5 7. e5 cxd4 8. Qa4+
Nc6 9. O-O-O Bd7 10. Ne4 b5 11. exf6 bxa4 12. fxg7 Rg8 13. Bxd8 Kxd8 14. Nxd4
Ke7 15. Bxc4 Rxg7 16. a3 Ne5 17. axb4 Nxc4 18. g3 e5 19. Nc2 Bf5 20. Rhe1 Rc8
21. Nc5 a5 22. Ne3 Nxe3 23. Rxe3 f6 24. Kd2 Rg4 25. f4 axb4 26. Nxa4 Kf7 27. h3
exf4 28. hxg4 fxe3+ 29. Kxe3 Bxg4 30. Rd4 Re8+ 31. Kf4 h5 32. Rxb4 Re2 33. Rb7+
Kg6 34. Nc5 Rf2+ 35. Ke4 Rf3 36. Ne6 Bxe6 37. Kxf3 Bd5+ 38. Kf4 0-1

[Event "23. Copenhagen Open  (Politiken Cup)"]
[Site "Copenhagen"]
[Date "2001.07.26"]
[Round "11"]
[White "Jensen, Dan Bronnum"]
[Black "Jorgensen, Mikkel"]
[Result "0-1"]
[WhiteElo "1324"]
[BlackElo "1610"]
[PlyCount "94"]
[EventDate "2001.07.16"]
[EventType "swiss"]
[EventRounds "11"]
[EventCountry "DEN"]
[SourceDate "2004.01.01"]

1. e4 c5 2. Nf3 Nc6 3. d4 cxd4 4. Nxd4 e5 5. Nxc6 bxc6 6. Bc4 Nf6 7. Bg5 Be7 8.
Nc3 Qb6 9. Bb3 Ba6 10. Be3 Qc7 11. Qf3 O-O 12. Ne2 d5 13. exd5 cxd5 14. Ng3
Bb4+ 15. Bd2 e4 16. Qd1 Bxd2+ 17. Qxd2 Qe5 18. O-O-O Rfd8 19. Kb1 g6 20. h3
Rab8 21. Rhe1 Bc4 22. Qd4 Qxd4 23. Rxd4 Bxb3 24. axb3 Rb5 25. Re3 {Fritz says
25.Sxe4} Rc8 26. Rc3 Rxc3 27. bxc3 Ne8 28. c4 dxc4 29. Rxc4 f5 30. Ne2 Rd5 31.
Kc1 Kf7 32. Nf4 Rd7 33. g4 Nf6 34. gxf5 g5 35. Ne2 h5 36. Ng3 h4 37. Nxe4 Nxe4
38. Rxe4 Kf6 39. Re2 Kxf5 40. Rd2 Re7 41. Kd1 Kf4 42. Re2 Rd7+ 43. Ke1 g4 44.
hxg4 h3 45. f3 Kg3 46. Rf2 Rd1+ 47. Ke2 Rd2+ 0-1

[Event "23. Copenhagen Open  (Politiken Cup)"]
[Site "Copenhagen"]
[Date "2001.07.26"]
[Round "11"]
[White "Jensen, Henrik Sandberg"]
[Black "Nicolaisen, Jeppe"]
[Result "0-1"]
[WhiteElo "1706"]
[BlackElo "2047"]
[PlyCount "36"]
[EventDate "2001.07.16"]
[EventType "swiss"]
[EventRounds "11"]
[EventCountry "DEN"]
[SourceDate "2004.01.01"]

1. e4 e5 2. f4 exf4 3. Nf3 Be7 4. Bc4 Nf6 5. e5 Ne4 6. Qe2 d5 7. exd6 Nxd6 8.
Bb3 O-O 9. O-O Bg4 10. d4 Nc6 11. c3 g5 12. d5 Nb8 13. Na3 Nd7 14. Nb5 Nf5 15.
Re1 Bc5+ 16. Kf1 a6 17. Na3 Nh4 18. Bd2 Nxf3 0-1

[Event "23. Copenhagen Open  (Politiken Cup)"]
[Site "Copenhagen"]
[Date "2001.07.26"]
[Round "11"]
[White "Jepson, Christian"]
[Black "Pedersen, Steffen"]
[Result "1/2-1/2"]
[WhiteElo "2373"]
[BlackElo "2453"]
[PlyCount "90"]
[EventDate "2001.07.16"]
[EventType "swiss"]
[EventRounds "11"]
[EventCountry "DEN"]
[SourceDate "2004.01.01"]

1. d4 Nf6 2. Nf3 g6 3. Nc3 d5 4. Bf4 Bg7 5. Nb5 Na6 6. e3 c6 7. Nc3 Qb6 8. Rb1
Ne4 9. Nxe4 dxe4 10. Nd2 c5 11. d5 O-O 12. c3 Rd8 13. Bc4 Nc7 14. Nxe4 Bf5 15.
Bxc7 Qxc7 16. f3 e6 17. g4 exd5 18. Bxd5 Be6 19. c4 Qa5+ 20. Nc3 Bxc3+ 21. bxc3
Qxc3+ 22. Kf2 Bxd5 23. cxd5 Qc4 24. e4 Qxa2+ 25. Kg3 Qa6 26. e5 c4 27. Qd4 c3
28. Rhc1 Qa2 29. d6 Rac8 30. Rxb7 Rc4 31. Qe3 Qd2 32. Qxd2 cxd2 33. Rd1 Rc5 34.
Kf4 Rc4+ 35. Ke3 f6 36. f4 g5 37. Kd3 Rxf4 38. Rxd2 fxe5 39. Ke3 Rxg4 40. Re7
Rd4 41. d7 Rxd2 42. Kxd2 Kf8 43. Rxh7 Kg8 44. Re7 Kf8 45. Rh7 Kg8 1/2-1/2

[Event "23. Copenhagen Open  (Politiken Cup)"]
[Site "Copenhagen"]
[Date "2001.07.26"]
[Round "11"]
[White "Johansson, Thomas"]
[Black "Robertsen, Thomas"]
[Result "0-1"]
[WhiteElo "2250"]
[BlackElo "2034"]
[PlyCount "54"]
[EventDate "2001.07.16"]
[EventType "swiss"]
[EventRounds "11"]
[EventCountry "DEN"]
[SourceDate "2004.01.01"]

1. e4 e5 2. f4 exf4 3. Nf3 g5 4. h4 g4 5. Ne5 d6 6. Nxg4 Nf6 7. Nxf6+ Qxf6 8.
Nc3 Be6 9. b3 Nc6 10. Bb2 Rg8 11. Qh5 Bg4 12. Qb5 O-O-O 13. Nd1 Qg6 14. Nf2 Re8
15. h5 Rxe4+ 16. Nxe4 Qxe4+ 17. Kf2 Bd7 18. Re1 Qxc2 19. Bc3 Ne5 20. Qe2 Bc6
21. Rh3 Qf5 22. Rc1 Be7 23. Bxe5 Qxh3 24. Bxf4 Rxg2+ 25. Bxg2 Qxg2+ 26. Ke3
Qe4+ 27. Kf2 Bh4+ 0-1

[Event "23. Copenhagen Open  (Politiken Cup)"]
[Site "Copenhagen"]
[Date "2001.07.26"]
[Round "11"]
[White "Jorgensen, Brian"]
[Black "Rasmussen, Bo"]
[Result "1-0"]
[WhiteElo "2265"]
[BlackElo "2160"]
[PlyCount "73"]
[EventDate "2001.07.16"]
[EventType "swiss"]
[EventRounds "11"]
[EventCountry "DEN"]
[SourceDate "2004.01.01"]

1. d4 d5 2. c4 c6 3. Nf3 Nf6 4. e3 e6 5. Nc3 Nbd7 6. Bd3 dxc4 7. Bxc4 b5 8. Bd3
Bb7 9. O-O a6 10. e4 b4 11. e5 bxc3 12. exf6 Nxf6 13. bxc3 Bd6 14. Rb1 Rb8 15.
Qa4 Nd5 16. Bd2 Qc8 17. c4 Ne7 18. Bg5 Ng6 19. c5 Bc7 20. Rfe1 O-O 21. Ne5 a5
22. Qc4 Qe8 23. Bc2 Qc8 24. Qc3 Nxe5 25. dxe5 Bd8 26. Bxd8 Qxd8 27. Rbd1 Qc7
28. Rd3 Rbd8 29. Rd6 f6 30. Qd3 g6 31. exf6 Rxd6 32. cxd6 Qd7 33. Rxe6 Rd8 34.
Bb3 Kf8 35. Qe3 c5 36. Qh6+ Kg8 37. Re8# 1-0

[Event "23. Copenhagen Open  (Politiken Cup)"]
[Site "Copenhagen"]
[Date "2001.07.26"]
[Round "11"]
[White "Kjar, Peter Sigsgaard"]
[Black "Edvardsson, Hannu Kalervo"]
[Result "1-0"]
[WhiteElo "1573"]
[BlackElo "1300"]
[PlyCount "61"]
[EventDate "2001.07.16"]
[EventType "swiss"]
[EventRounds "11"]
[EventCountry "DEN"]
[SourceDate "2004.01.01"]

1. e4 e5 2. Nf3 d6 3. d4 exd4 4. Nxd4 Nf6 5. Bg5 Be7 6. Nc3 Bd7 7. Bc4 Nc6 8.
O-O O-O 9. Nf5 Bxf5 10. exf5 h6 11. Bh4 Nd7 12. Bxe7 Nxe7 13. g4 Nb6 14. Bb3 d5
15. Qf3 f6 16. Nb5 Nc6 17. Rad1 Na5 18. Bxd5+ Nxd5 19. Rxd5 Qe7 20. Nd4 Nc4 21.
Ne6 Ne5 22. Qh3 Rfe8 23. f4 c6 24. Rd4 c5 25. Rd5 Nd7 26. Rfd1 Nb6 27. Rd6 c4
28. a4 a5 29. Rxb6 Rec8 30. Rbd6 b5 31. Rd7 1-0

[Event "23. Copenhagen Open  (Politiken Cup)"]
[Site "Copenhagen"]
[Date "2001.07.26"]
[Round "11"]
[White "Kleinschroth, Roland"]
[Black "Lardot, Derik"]
[Result "1-0"]
[WhiteElo "2160"]
[BlackElo "2023"]
[PlyCount "61"]
[EventDate "2001.07.16"]
[EventType "swiss"]
[EventRounds "11"]
[EventCountry "DEN"]
[SourceDate "2004.01.01"]

1. e4 e5 2. Bc4 Nc6 3. Nc3 Nf6 4. d3 Bb4 5. Nf3 d5 6. exd5 Nxd5 7. O-O Bxc3 8.
bxc3 Bg4 9. h3 Nxc3 10. Qe1 Bxf3 11. Qxc3 Bd5 12. Ba3 f6 13. Rfe1 Qd7 14. Rab1
O-O-O 15. Bc5 Bxc4 16. Qxc4 Qd5 17. Qb5 Nd4 18. Qa5 b6 19. Qa6+ Qb7 20. Qc4 Qd5
21. Qa6+ Kd7 22. Bxd4 exd4 23. Re4 Rhe8 24. Rb5 Qd6 25. Qa4 Kc8 26. Qxa7 Rxe4
27. Qa8+ Kd7 28. Qxe4 Re8 29. Qf5+ Kc6 30. Rb1 g6 31. Qb5+ 1-0

[Event "23. Copenhagen Open  (Politiken Cup)"]
[Site "Copenhagen"]
[Date "2001.07.26"]
[Round "11"]
[White "Kongsted, Halfdan Christian"]
[Black "Spanton, Timothy"]
[Result "1-0"]
[WhiteElo "2232"]
[BlackElo "2051"]
[PlyCount "131"]
[EventDate "2001.07.16"]
[EventType "swiss"]
[EventRounds "11"]
[EventCountry "DEN"]
[SourceDate "2004.01.01"]

1. e4 c5 2. Nf3 g6 3. d4 cxd4 4. Nxd4 Nc6 5. c4 Bh6 6. Bxh6 Nxh6 7. h4 Qb6 8.
Nb3 d6 9. Be2 Be6 10. Nc3 Rc8 11. Nd5 Bxd5 12. cxd5 Qb4+ 13. Qd2 Qxd2+ 14. Kxd2
Ne5 15. Rac1 O-O 16. Nd4 Kg7 17. f3 Rfd8 18. g4 Nd7 19. g5 Ng8 20. Bb5 Nb6 21.
b3 Kf8 22. f4 a6 23. Be2 Rxc1 24. Rxc1 Rc8 25. Rh1 h5 26. Bf3 Nd7 27. Bg2 Rc5
28. Bf1 Ra5 29. a4 Ke8 30. Bg2 Rc5 31. Re1 Nb6 32. Kd3 a5 33. Nb5 Kd7 34. Bh3+
Kd8 35. Nc3 Na8 36. Kd4 Nc7 37. f5 Ke8 38. Rf1 e6 39. fxe6 fxe6 40. Rf2 e5+ 41.
Kd3 Ke7 42. Bc8 b5 43. axb5 Nxb5 44. Nxb5 Rxc8 45. Ra2 Ra8 46. Na3 a4 47. b4
Kd7 48. Nc4 Kc7 49. b5 Ne7 50. Kc3 Nc8 51. Kb4 Nb6 52. Nxb6 Kxb6 53. Rxa4 Rf8
54. Ra6+ Kc7 55. Ra7+ Kb8 56. Rd7 Rf4 57. Rxd6 Rxh4 58. Rxg6 Rxe4+ 59. Kc5 h4
60. d6 Kc8 61. Rg8+ Kd7 62. Rg7+ Kc8 63. Kd5 Rb4 64. Ke6 Rxb5 65. Rg8+ Kb7 66.
d7 1-0

[Event "23. Copenhagen Open  (Politiken Cup)"]
[Site "Copenhagen"]
[Date "2001.07.26"]
[Round "11"]
[White "Larsen, Karsten"]
[Black "Palo, Davor"]
[Result "0-1"]
[WhiteElo "2300"]
[BlackElo "2325"]
[PlyCount "80"]
[EventDate "2001.07.16"]
[EventType "swiss"]
[EventRounds "11"]
[EventCountry "DEN"]
[SourceDate "2004.01.01"]

1. Nf3 c5 2. b3 Nc6 3. Bb2 d6 4. e4 e5 5. Bb5 Nge7 6. O-O g6 7. c3 Bg7 8. d4
exd4 9. cxd4 O-O 10. Nbd2 cxd4 11. Re1 a6 12. Bf1 Re8 13. Rc1 d5 14. exd5 Nxd5
15. Rxe8+ Qxe8 16. Nc4 Bg4 17. h3 Nc3 18. Bxc3 Bxf3 19. Qxf3 dxc3 20. Nd6 Qe7
21. Ne4 Nd4 22. Qe3 Nf5 23. Qf3 Rc8 24. Nxc3 Qa3 25. Rc2 Qa5 26. Bc4 Rxc4 27.
bxc4 Nd4 28. Qxb7 Nxc2 29. Qb8+ Bf8 30. Nd5 Qe1+ 31. Kh2 Qxf2 32. Qe5 Qd4 33.
Nf6+ Kh8 34. Qe8 Qd6+ 35. Kh1 Qd1+ 36. Kh2 Qd6+ 37. Kh1 Qe7 38. Qa8 Nd4 39. Ne4
f5 40. Nc3 Kg7 0-1

[Event "23. Copenhagen Open  (Politiken Cup)"]
[Site "Copenhagen"]
[Date "2001.07.26"]
[Round "11"]
[White "Li, Mike"]
[Black "Nielsen, Torben"]
[Result "0-1"]
[WhiteElo "1056"]
[BlackElo "1840"]
[PlyCount "92"]
[EventDate "2001.07.16"]
[EventType "swiss"]
[EventRounds "11"]
[EventCountry "DEN"]
[SourceDate "2004.01.01"]

1. d4 d5 2. c4 e6 3. Nc3 Nf6 4. Nf3 c6 5. Bg5 Be7 6. e3 Nbd7 7. Bd3 h6 8. Bxf6
Nxf6 9. Rc1 O-O 10. O-O Bd6 11. e4 dxe4 12. Nxe4 Nxe4 13. Bxe4 Bc7 14. d5 Bf4
15. dxc6 Bxc1 16. cxb7 Bxb7 17. Bxb7 Rb8 18. Qxc1 Rxb7 19. b3 Qa5 20. Qb2 Rd8
21. a3 Rd3 22. Rb1 Qd8 23. Ne1 Rdxb3 24. Qxb3 Rxb3 25. Rxb3 Qd1 26. Re3 Qc1 27.
g3 Qxc4 28. Kg2 f6 29. Nf3 g5 30. h3 h5 31. h4 g4 32. Ng1 Qd5+ 33. Kh2 e5 34.
Ne2 Kf7 35. Kg1 f5 36. Kh2 Kf6 37. Kg1 Qc4 38. Nc3 Qc5 39. Kh2 Kg6 40. Ne2 Qd6
41. Kg1 f4 42. gxf4 exf4 43. Rd3 Qe5 44. Nc3 Qe1+ 45. Kg2 f3+ 46. Kg3 Qe5# 0-1

[Event "23. Copenhagen Open  (Politiken Cup)"]
[Site "Copenhagen"]
[Date "2001.07.26"]
[Round "11"]
[White "Lie, Terje"]
[Black "McShane, Rod"]
[Result "1-0"]
[WhiteElo "1100"]
[BlackElo "1400"]
[PlyCount "87"]
[EventDate "2001.07.16"]
[EventType "swiss"]
[EventRounds "11"]
[EventCountry "DEN"]
[SourceDate "2004.01.01"]

1. d4 Nf6 2. c4 g6 3. Nc3 Bg7 4. e4 d6 5. f3 O-O 6. Be3 c6 7. Qd2 Na6 8. a3 Nc7
9. Rb1 a5 10. a4 Na6 11. Na2 Rb8 12. Bd3 Bd7 13. b3 Nc7 14. Qxa5 b5 15. Qd2
bxa4 16. b4 Nfe8 17. Ne2 Na6 18. O-O e5 19. d5 cxd5 20. cxd5 Bb5 21. Bc2 Qd7
22. Rfc1 Bc4 23. Nec3 a3 24. Ba4 Qb7 25. b5 Nc5 26. Bc2 Qa8 27. Rb4 Bxa2 28.
Nxa2 Qa5 29. Rcb1 Nc7 30. b6 N7a6 31. Rb5 Qxd2 32. Bxd2 Nb7 33. Ra5 $6 Nxa5 34.
Bxa5 Nc5 35. Nb4 Nb7 36. Nc6 Ra8 37. Bb4 a2 38. Ra1 Ra6 39. Ne7+ Kh8 40. Nc6 f5
41. Bd3 fxe4 $4 42. Bxa6 exf3 43. Bxb7 e4 44. Rxa2 1-0

[Event "23. Copenhagen Open  (Politiken Cup)"]
[Site "Copenhagen"]
[Date "2001.07.26"]
[Round "11"]
[White "Lynge, Torben"]
[Black "Nielsen, Jens Holm"]
[Result "0-1"]
[WhiteElo "1701"]
[BlackElo "2055"]
[PlyCount "124"]
[EventDate "2001.07.16"]
[EventType "swiss"]
[EventRounds "11"]
[EventCountry "DEN"]
[SourceDate "2004.01.01"]

1. e4 e5 2. Nf3 Nc6 3. Bb5 a6 4. Ba4 b5 5. Bb3 Na5 6. O-O d6 7. d4 Nxb3 8. axb3
exd4 9. Qxd4 c5 10. Qd1 Bb7 11. Re1 Ne7 12. Bf4 Ng6 13. Bg3 Be7 14. c4 b4 15.
Nbd2 Bf6 16. e5 dxe5 17. Nxe5 O-O 18. Nxg6 hxg6 19. Qc2 Qd7 20. Ne4 Bd4 21. Kh1
Qc6 22. f3 Rfd8 23. Rad1 Rd7 24. Rd3 Re8 25. Nf6+ gxf6 26. Rxe8+ Kg7 27. Re1
Rd8 28. Red1 Bc8 29. Qe2 Re8 30. Qf1 Bf5 31. R3d2 g5 32. Bf2 Be5 33. Rd5 Rh8
34. h3 g4 35. h4 g3 36. Rxe5 gxf2 37. Qxf2 fxe5 38. Qg3+ Bg6 39. Qxe5+ Qf6 40.
Qxf6+ Kxf6 41. Rd5 Rxh4+ 42. Kg1 Rh5 43. Rd6+ Ke7 44. Rxa6 Bc2 45. g4 Re5 46.
Kf2 Bxb3 47. f4 Re6 48. Ra7+ Kf8 49. Rc7 Re4 50. Kf3 Rxc4 51. g5 Bd1+ 52. Ke3
Bg4 53. Rc6 Rc2 54. Ke4 Re2+ 55. Kd3 Rxb2 56. Rxc5 Rf2 57. Ke4 b3 58. Rb5 b2
59. Ke5 Kg7 60. Rb3 Be6 61. Rb6 Re2+ 62. Kd4 Bf5 0-1

[Event "23. Copenhagen Open  (Politiken Cup)"]
[Site "Copenhagen"]
[Date "2001.07.26"]
[Round "11"]
[White "Mortensen, Henrik"]
[Black "Olesen, Michael Bonding"]
[Result "1/2-1/2"]
[WhiteElo "2075"]
[BlackElo "1891"]
[PlyCount "86"]
[EventDate "2001.07.16"]
[EventType "swiss"]
[EventRounds "11"]
[EventCountry "DEN"]
[SourceDate "2004.01.01"]

1. d4 c5 2. e3 Nf6 3. Nf3 g6 4. c3 Qc7 5. Bd3 Bg7 6. e4 d6 7. h3 O-O 8. O-O e5
9. Be3 b6 10. Re1 Nc6 11. Na3 a6 12. Qe2 Bb7 13. d5 Ne7 14. b4 Nexd5 15. exd5
e4 16. bxc5 bxc5 17. c4 exd3 18. Qxd3 Bc8 19. Bd2 Bf5 20. Qe2 Rfe8 21. Qd1 Ne4
22. Bf4 Rab8 23. Rb1 Nc3 24. Rxb8 Rxb8 25. Qd2 Ne4 26. Qe3 Qa5 27. g4 Bd4 28.
Nxd4 cxd4 29. Qe2 d3 30. Qd1 Nc3 31. Qd2 Qxa3 32. gxf5 Ne2+ 33. Kh2 Nxf4 34.
Qxf4 Qb4 35. Rd1 Qc3 36. Qxd6 Rb2 37. Qg3 Qxc4 38. d6 Qd4 39. Kg2 Qd5+ 40. Kh2
Qxf5 41. Kg2 Qd5+ 42. Qf3 Qxd6 43. Rxd3 Qb6 1/2-1/2

[Event "23. Copenhagen Open  (Politiken Cup)"]
[Site "Copenhagen"]
[Date "2001.07.26"]
[Round "11"]
[White "Molvig, Henrik"]
[Black "Jorgensen, Michael"]
[Result "1/2-1/2"]
[WhiteElo "2213"]
[BlackElo "2290"]
[PlyCount "63"]
[EventDate "2001.07.16"]
[EventType "swiss"]
[EventRounds "11"]
[EventCountry "DEN"]
[SourceDate "2004.01.01"]

1. d4 f5 2. c4 Nf6 3. g3 g6 4. Bg2 Bg7 5. Nf3 O-O 6. b4 d6 7. Bb2 c6 8. Nbd2
Kh8 9. O-O Be6 10. Qc2 Nbd7 11. Ne1 Bg8 12. Nd3 Qc7 13. e4 fxe4 14. Nxe4 Nxe4
15. Bxe4 Nb6 16. c5 Nd5 17. Bg2 Qd7 18. Rae1 Rae8 19. a3 Be6 20. Qe2 Bg4 21. f3
Bf5 22. Nf2 g5 23. Ne4 h6 24. Qd2 Bh7 25. Kh1 Bg6 26. Rd1 Rd8 27. Qe2 Bh7 28.
Nf2 Qf5 29. Ne4 Qd7 30. Nf2 Qf5 31. Ne4 Qd7 32. Nf2 1/2-1/2

[Event "23. Copenhagen Open  (Politiken Cup)"]
[Site "Copenhagen"]
[Date "2001.07.26"]
[Round "11"]
[White "Nicolaisen, Erik"]
[Black "Rosenberg, Jan"]
[Result "1/2-1/2"]
[WhiteElo "2015"]
[BlackElo "1785"]
[PlyCount "116"]
[EventDate "2001.07.16"]
[EventType "swiss"]
[EventRounds "11"]
[EventCountry "DEN"]
[SourceDate "2004.01.01"]

1. Nf3 Nf6 2. d3 d5 3. Nbd2 Bf5 4. g3 e6 5. Bg2 c6 6. O-O Nbd7 7. c3 Be7 8. b4
a5 9. b5 Qc7 10. Nd4 Bg6 11. bxc6 bxc6 12. Qa4 Rc8 13. Ba3 Nb6 14. Qb3 a4 15.
Qb2 Rb8 16. Bxe7 Kxe7 17. Qa3+ Qd6 18. Nxc6+ Kd7 19. Qxd6+ Kxd6 20. Nxb8 Rxb8
21. Rab1 Nfd7 22. Rb4 Rc8 23. Rfb1 Na8 24. Rxa4 Nc7 25. Ra5 Ne8 26. Rb3 Nef6
27. Ra6+ Ke7 28. Ra7 Kd6 29. a4 Ng4 30. a5 Nge5 31. a6 Nc6 32. Rxd7+ Kxd7 33.
h4 Kd6 34. Bf3 h5 35. Ra3 Ra8 36. Kf1 Nb8 37. Nc4+ Kc7 38. Ne5 Rxa6 39. Rxa6
Nxa6 40. Nxg6 fxg6 41. e4 Kd6 42. exd5 exd5 43. c4 Nc5 44. Bxd5 Nxd3 45. Be4
Ne5 46. f4 Nxc4 47. Bxg6 Ne3+ 48. Kg1 Ke6 49. Bxh5 Kf5 50. Kf2 Nd5 51. Bf7 Nxf4
52. Kf3 Nd3 53. Ke3 Ne5 54. Bh5 g5 55. hxg5 Kxg5 56. Be2 Nd7 57. Ke4 Nf6+ 58.
Ke5 Ng4+ 1/2-1/2

[Event "23. Copenhagen Open  (Politiken Cup)"]
[Site "Copenhagen"]
[Date "2001.07.26"]
[Round "11"]
[White "Nielsen, Borge Hjerrild"]
[Black "Westlund, Mikael"]
[Result "1/2-1/2"]
[WhiteElo "2122"]
[BlackElo "1996"]
[PlyCount "109"]
[EventDate "2001.07.16"]
[EventType "swiss"]
[EventRounds "11"]
[EventCountry "DEN"]
[SourceDate "2004.01.01"]

1. d4 Nf6 2. c4 g6 3. Nf3 Bg7 4. g3 O-O 5. Bg2 c6 6. O-O d5 7. cxd5 cxd5 8. Nc3
e6 9. Bg5 Qa5 10. Qd2 Nc6 11. e3 b6 12. Rfc1 Bb7 13. a3 Ne4 14. Nxe4 dxe4 15.
b4 Qf5 16. Bf4 exf3 17. Bxf3 Rac8 18. g4 Qf6 19. g5 Qf5 20. Qd1 Bxd4 21. Bg4
Qd5 22. Bf3 Qd7 23. Bxc6 Rxc6 24. Qxd4 Qc8 25. Qb2 e5 26. Bg3 Qf5 27. Qe2 Rfc8
28. Rxc6 Rxc6 29. e4 Qxg5 30. h4 Qe7 31. Rd1 Rd6 32. f3 a6 33. Rd3 Qd7 34. Rxd6
Qxd6 35. Qb2 f6 36. Kf2 Kg7 37. Ke2 Bc8 38. Qc3 Be6 39. Qd3 Qc6 40. Kd2 b5 41.
Bf2 g5 42. hxg5 fxg5 43. Qd8 Kg6 44. Be3 h6 45. Bc5 Qd7+ 46. Qxd7 Bxd7 47. Bd6
Kf6 48. Ke3 h5 49. Kf2 h4 50. Bc7 h3 51. Kg3 g4 52. f4 exf4+ 53. Bxf4 Bc6 54.
Kxg4 Bxe4 55. Kxh3 1/2-1/2

[Event "23. Copenhagen Open  (Politiken Cup)"]
[Site "Copenhagen"]
[Date "2001.07.26"]
[Round "11"]
[White "Nielsen, Frode Benedikt"]
[Black "Trarup, Jorgen"]
[Result "1-0"]
[WhiteElo "1834"]
[BlackElo "1298"]
[PlyCount "133"]
[EventDate "2001.07.16"]
[EventType "swiss"]
[EventRounds "11"]
[EventCountry "DEN"]
[SourceDate "2004.01.01"]

1. e4 c5 2. Nf3 a6 3. d4 e6 4. c4 h6 5. Nc3 Be7 6. d5 d6 7. Bd3 e5 8. O-O Bg4
9. h3 Bd7 10. Nh2 Bg5 11. f4 Bf6 12. Nf3 Ne7 13. fxe5 dxe5 14. Nh2 Ng6 15. a4
Bg5 16. Qf3 O-O 17. Bxg5 Qxg5 18. Ng4 Bxg4 19. hxg4 Nf4 20. Bc2 Nd7 21. g3 Nh3+
22. Kg2 Qd2+ 23. Kxh3 Qxc2 24. Qe2 Qb3 25. Ra3 Qb6 26. a5 Qd6 27. Na4 Qg6 28.
Rb3 Rab8 29. Nb6 Rfd8 30. Qf2 Nf6 31. Qf5 Nxe4 32. Qxg6 fxg6 33. Re3 Ng5+ 34.
Kg2 e4 35. Rf4 Rd6 36. b3 Re8 37. Kf1 Re7 38. Nc8 Red7 39. Nxd6 Rxd6 40. Ke2
Rf6 41. Kd1 Kf8 42. Kc2 Ke7 43. b4 cxb4 44. c5 Kd7 45. Kb3 Kc7 46. Kxb4 Kd7 47.
Kc4 Kc7 48. Kd4 Kd7 49. Re2 Kc7 50. Ke5 Nf3+ 51. Kxe4 Rxf4+ 52. gxf4 Nh4 53.
Rh2 g5 54. f5 Kd7 55. Rxh4 gxh4 56. Ke3 Ke7 57. Kf2 Kf6 58. Kg1 h5 59. gxh5
Kxf5 60. d6 Ke6 61. Kh2 Kd7 62. Kh3 b5 63. cxb6 Kxd6 64. Kxh4 Kc6 65. Kg4 Kb5
66. Kf5 Kxa5 67. b7 1-0

[Event "23. Copenhagen Open  (Politiken Cup)"]
[Site "Copenhagen"]
[Date "2001.07.26"]
[Round "11"]
[White "Nielsen, Michael"]
[Black "Marder, Simon"]
[Result "1-0"]
[WhiteElo "1789"]
[BlackElo "2058"]
[PlyCount "71"]
[EventDate "2001.07.16"]
[EventType "swiss"]
[EventRounds "11"]
[EventCountry "DEN"]
[SourceDate "2004.01.01"]

1. e4 Nc6 2. Nf3 e5 3. d4 exd4 4. Bc4 Nf6 5. e5 d5 6. Bb5 Ne4 7. Nxd4 Bd7 8.
Bxc6 bxc6 9. O-O Bc5 10. Be3 Rb8 11. Nd2 Qe7 12. N2b3 Bb6 13. f4 O-O 14. Nd2 c5
15. N4f3 Bg4 16. h3 Nxd2 17. Qxd2 Be6 18. c3 Qd7 $11 19. g4 g6 20. f5 gxf5 21.
Bh6 f6 22. exf6 Rxf6 23. Ne5 Qd6 24. gxf5 c4+ 25. Kh1 Bxf5 26. Qg5+ Rg6 {#} 27.
Rxf5 (27. Qxf5 Rxh6 28. Rg1+ Bxg1 29. Rxg1+) 27... Rxg5 28. Rxg5+ Qg6 29. Nxg6
hxg6 30. Rxg6+ Kh7 31. Rxb6 axb6 32. Bf4 Rf8 33. Bg3 c6 34. Kg2 Kg6 35. Rf1 Re8
36. h4 {time} 1-0

[Event "23. Copenhagen Open  (Politiken Cup)"]
[Site "Copenhagen"]
[Date "2001.07.26"]
[Round "11"]
[White "Nielsen, Nicholas Roland"]
[Black "Kaaber Hansen, Jacob"]
[Result "1-0"]
[WhiteElo "2065"]
[BlackElo "1846"]
[PlyCount "43"]
[EventDate "2001.07.16"]
[EventType "swiss"]
[EventRounds "11"]
[EventCountry "DEN"]
[SourceDate "2004.01.01"]

1. e4 c5 2. Nf3 d6 3. d4 cxd4 4. Nxd4 Nf6 5. Nc3 a6 6. f4 b5 7. e5 dxe5 8. fxe5
b4 9. exf6 bxc3 10. fxg7 Bxg7 11. bxc3 Qc7 12. Bb2 O-O 13. Bd3 Qb6 14. Rb1 Rd8
15. Qh5 h6 16. O-O Be6 17. Ba3 Bxd4+ 18. Kh1 Qc7 19. cxd4 Rxd4 20. Qxh6 f6 21.
Rxf6 exf6 22. Qf8# 1-0

[Event "23. Copenhagen Open  (Politiken Cup)"]
[Site "Copenhagen"]
[Date "2001.07.26"]
[Round "11"]
[White "Nielsen, Thomas"]
[Black "Hau, Helge"]
[Result "1-0"]
[WhiteElo "2025"]
[BlackElo "1525"]
[PlyCount "87"]
[EventDate "2001.07.16"]
[EventType "swiss"]
[EventRounds "11"]
[EventCountry "DEN"]
[SourceDate "2004.01.01"]

1. d4 f5 2. c4 Nf6 3. Nc3 e6 4. g3 g6 5. Bg2 c6 6. Bg5 Bg7 7. e4 h6 8. Bxf6
Qxf6 9. e5 Qf7 10. Nge2 Na6 11. f4 Nc7 12. b4 Rb8 13. a4 O-O 14. b5 Rd8 15. Qb3
Kh8 16. bxc6 dxc6 17. Bxc6 Bf8 18. Bg2 Bd7 19. d5 exd5 20. cxd5 Qg8 21. Rb1 Na6
22. d6 Qxb3 23. Rxb3 Nc5 24. Rb1 Nxa4 25. Nxa4 Bxa4 26. Nd4 Re8 27. O-O Bd7 28.
Rxb7 Rxb7 29. Bxb7 g5 30. Rc1 gxf4 31. gxf4 Kg8 32. Rc7 Ba4 33. Nxf5 a5 34. d7
Bxd7 35. Rxd7 a4 36. Bd5+ Kh8 37. Ra7 a3 38. Kf1 Rd8 39. Bf7 Rd1+ 40. Ke2 Rd8
41. e6 Rb8 42. e7 Rb2+ 43. Kd3 Bxe7 44. Nxe7 1-0

[Event "23. Copenhagen Open  (Politiken Cup)"]
[Site "Copenhagen"]
[Date "2001.07.26"]
[Round "11"]
[White "Nilssen, John Arni"]
[Black "Mortensen, Erling"]
[Result "0-1"]
[WhiteElo "2333"]
[BlackElo "2423"]
[PlyCount "98"]
[EventDate "2001.07.16"]
[EventType "swiss"]
[EventRounds "11"]
[EventCountry "DEN"]
[SourceDate "2004.01.01"]

1. d4 d6 2. e4 g6 3. c4 e5 4. d5 Bh6 5. Nc3 a5 6. Nge2 Na6 7. Bxh6 Nxh6 8. Qd2
Ng4 9. f3 Nf6 10. h4 Nc5 11. Rd1 Bd7 12. Ng3 h5 13. Be2 Qe7 14. Nb5 Bxb5 15.
cxb5 Nfd7 16. b3 Qf6 17. Bc4 Nb6 18. Rc1 Qe7 19. Be2 Qf6 20. Bc4 Kd7 21. Rc2
Rhf8 22. Qd1 Qf4 23. Ne2 Qh6 24. a3 a4 25. b4 Nb3 26. Qd3 Nxc4 27. Qxc4 Rac8
28. Qd3 f5 29. O-O fxe4 30. fxe4 Rxf1+ 31. Kxf1 Rf8+ 32. Kg1 Kd8 33. b6 Rf7 34.
Qc3 Qg7 35. Qe3 Nd4 36. bxc7+ Rxc7 37. Rxc7 Kxc7 38. Nc3 Qf6 39. Qf2 Qxf2+ 40.
Kxf2 Nc2 41. Nb1 Kb6 42. Ke2 Kb5 43. Nc3+ Kc4 44. Nxa4 Nxa3 45. Nb6+ Kd4 46.
Nc8 Nc4 47. Ne7 Kxe4 48. Nxg6 Ne3 49. Ne7 Nxg2 0-1

[Event "23. Copenhagen Open  (Politiken Cup)"]
[Site "Copenhagen"]
[Date "2001.07.26"]
[Round "11"]
[White "Pedersen, Christian K"]
[Black "Hoi, Carsten"]
[Result "0-1"]
[WhiteElo "2280"]
[BlackElo "2407"]
[PlyCount "96"]
[EventDate "2001.07.16"]
[EventType "swiss"]
[EventRounds "11"]
[EventCountry "DEN"]
[SourceDate "2004.01.01"]

1. d4 d5 2. c4 e6 3. Nc3 Nf6 4. Bg5 Be7 5. e3 O-O 6. Nf3 Ne4 7. Bxe7 Qxe7 8.
Qc2 Nxc3 9. Qxc3 c6 10. cxd5 exd5 11. Bd3 Bg4 12. Nd2 Nd7 13. O-O Qg5 14. Kh1
f5 15. Nb3 f4 16. f3 Be6 17. exf4 Qxf4 18. Rae1 Rf6 19. Qd2 Qxd2 20. Nxd2 Bf5
21. Bxf5 Rxf5 22. Nb3 Rf7 23. Na5 Nf6 24. Kg1 Re8 25. Nb3 Rfe7 26. Kf2 Rxe1 27.
Rxe1 Rxe1 28. Kxe1 Ne8 29. Nc5 Nd6 30. Ke2 Kf7 31. b3 $11 Ke7 32. g3 b6 33. Na6
Nf5 34. Kd3 g5 35. Nb4 Kd6 36. Nc2 c5 37. Kc3 a5 38. Kd3 h5 39. g4 hxg4 40.
fxg4 Nxd4 41. Nxd4 cxd4 42. Kxd4 Ke6 43. Kd3 Ke5 44. Ke3 d4+ 45. Kf3 b5 46. a3
b4 47. a4 Kd5 48. Kf2 Ke4 0-1